000 00676nam a22001937a 4500
005 20251108165530.0
008 250721s1988 xx 000 0 ara d
082 1 4 _aم/413/هشا
100 1 _aإبن هشام اللخمي، محمد بن أحمد
245 1 0 _aشرح الفصيح /
264 1 _aبغداد :
_bوزارة الثقافة و الإعلام - دارة الآثار و التراث،
_c1988.
300 _a452ص
490 0 _aسلسلة خزانة دار صدام للمخطوطات ؛ 4
650 1 7 _aاللغة العربية
650 1 7 _aالقواميس
700 1 _aجاسم، مهدي عيد
_eتحقيق
942 _2ddc
_cREF
999 _c30107
_d30107